[Event "DVM U20 2020"]
[Site "Willingen GER"]
[Date "2021.06.25"]
[Round "3"]
[White "Dathe, Frederick"]
[Black "Irkilmez, Yakub"]
[Result "1/2-1/2"]
[Termination "normal"]
[Board "7.2"]
[WhiteElo "1992"]
[BlackElo "2167"]
[WhiteClock "00:18:10"]
[BlackClock "00:14:21"]
[WhiteTeam "SC Kreuzberg e.V."]
[BlackTeam "Schachfreunde Essen-Katernberg"]
[PlyCount "40"]
[WhiteFideId "12963070"]
[BlackFideId "16204581"]
[EventCountry "GER"]
[EventRounds "7"]
[EventType "team-swiss"]
[EventDate "2021.06.23"]

1. c4 {[%clk 01:30:33]} {[%emt 00:00:25]} Nf6 {[%clk 01:30:53]} {[%emt
00:00:08]} 2. Nc3 {[%clk 01:30:01]} {[%emt 00:01:01]} c5 {[%clk 01:31:14]}
{[%emt 00:00:10]} 3. g3 {[%clk 01:28:49]} {[%emt 00:01:42]} d5 {[%clk
01:30:56]} {[%emt 00:00:47]} 4. cxd5 {[%clk 01:28:21]} {[%emt 00:00:59]} Nxd5
{[%clk 01:31:19]} {[%emt 00:00:06]} 5. Bg2 {[%clk 01:27:16]} {[%emt 00:01:35]}
Nc7 {[%clk 01:30:33]} {[%emt 00:01:17]} 6. d3 {[%clk 01:23:04]} {[%emt
00:04:41]} Nc6 {[%clk 01:30:25]} {[%emt 00:00:39]} 7. Nf3 {[%clk 01:20:44]}
{[%emt 00:02:49]} e5 {[%clk 01:30:25]} {[%emt 00:00:31]} 8. O-O {[%clk
01:19:44]} {[%emt 00:01:30]} f6 {[%clk 01:24:48]} {[%emt 00:06:07]} 9. Be3
{[%clk 01:13:57]} {[%emt 00:06:17]} Be7 {[%clk 01:24:16]} {[%emt 00:01:03]} 10.
Rc1 {[%clk 01:09:50]} {[%emt 00:04:36]} O-O {[%clk 01:21:30]} {[%emt 00:03:16]}
11. a3 {[%clk 01:08:27]} {[%emt 00:01:53]} Bd7 {[%clk 01:06:48]} {[%emt
00:15:12]} 12. Nd2 {[%clk 01:02:31]} {[%emt 00:06:26]} Ne6 {[%clk 00:42:34]}
{[%emt 00:24:44]} 13. Na4 {[%clk 00:47:46]} {[%emt 00:15:15]} Ncd4 {[%clk
00:40:55]} {[%emt 00:02:09]} 14. Bxd4 {[%clk 00:45:11]} {[%emt 00:03:05]} cxd4
{[%clk 00:34:38]} {[%emt 00:06:47]} 15. b4 {[%clk 00:41:46]} {[%emt 00:03:55]}
a5 {[%clk 00:21:22]} {[%emt 00:13:46]} 16. Bxb7 {[%clk 00:25:38]} {[%emt
00:16:38]} Ra7 {[%clk 00:20:02]} {[%emt 00:01:50]} 17. Bc6 {[%clk 00:23:07]}
{[%emt 00:03:01]} axb4 {[%clk 00:18:33]} {[%emt 00:02:00]} 18. axb4 {[%clk
00:22:28]} {[%emt 00:01:07]} Bxb4 {[%clk 00:16:15]} {[%emt 00:02:49]} 19. Ne4
{[%clk 00:20:20]} {[%emt 00:02:37]} Kh8 {[%clk 00:15:06]} {[%emt 00:01:40]} 20.
Qb3 {[%clk 00:18:10]} {[%emt 00:02:40]} Ba5 {[%clk 00:14:21]} {[%emt 00:01:14]}
1/2-1/2

[Event "DVM U20 2020"]
[Site "Willingen GER"]
[Date "2021.06.25"]
[Round "3"]
[White "Gorainow, Nikita"]
[Black "Hommel, Niclas"]
[Result "1-0"]
[Termination "normal"]
[Board "7.3"]
[WhiteElo "1971"]
[BlackElo "2062"]
[WhiteClock "00:05:07"]
[BlackClock "00:03:25"]
[WhiteTeam "Schachfreunde Essen-Katernberg"]
[BlackTeam "SC Kreuzberg e.V."]
[PlyCount "75"]
[WhiteFideId "12970093"]
[BlackFideId "12974927"]
[EventCountry "GER"]
[EventRounds "7"]
[EventType "team-swiss"]
[EventDate "2021.06.23"]

1. e4 {[%clk 01:30:57]} {[%emt 00:00:02]} c5 {[%clk 01:30:57]} {[%emt
00:00:04]} 2. Nf3 {[%clk 01:31:20]} {[%emt 00:00:06]} d6 {[%clk 01:31:23]}
{[%emt 00:00:05]} 3. d4 {[%clk 01:31:46]} {[%emt 00:00:04]} cxd4 {[%clk
01:31:49]} {[%emt 00:00:04]} 4. Nxd4 {[%clk 01:32:08]} {[%emt 00:00:07]} Nf6
{[%clk 01:32:15]} {[%emt 00:00:04]} 5. Nc3 {[%clk 01:32:31]} {[%emt 00:00:07]}
Nc6 {[%clk 01:32:43]} {[%emt 00:00:03]} 6. Bg5 {[%clk 01:32:55]} {[%emt
00:00:05]} e6 {[%clk 01:33:09]} {[%emt 00:00:04]} 7. Qd2 {[%clk 01:33:20]}
{[%emt 00:00:05]} Be7 {[%clk 01:33:36]} {[%emt 00:00:03]} 8. O-O-O {[%clk
01:33:12]} {[%emt 00:00:38]} Nxd4 {[%clk 01:34:02]} {[%emt 00:00:05]} 9. Qxd4
{[%clk 01:33:35]} {[%emt 00:00:07]} O-O {[%clk 01:34:27]} {[%emt 00:00:05]} 10.
f4 {[%clk 01:33:46]} {[%emt 00:00:18]} Qa5 {[%clk 01:34:52]} {[%emt 00:00:04]}
11. Bc4 {[%clk 01:33:59]} {[%emt 00:00:18]} Bd7 {[%clk 01:35:14]} {[%emt
00:00:08]} 12. e5 {[%clk 01:34:21]} {[%emt 00:00:08]} dxe5 {[%clk 01:35:40]}
{[%emt 00:00:05]} 13. fxe5 {[%clk 01:34:47]} {[%emt 00:00:04]} Bc6 {[%clk
01:36:04]} {[%emt 00:00:05]} 14. Bd2 {[%clk 01:35:09]} {[%emt 00:00:07]} Nd7
{[%clk 01:36:30]} {[%emt 00:00:05]} 15. Nd5 {[%clk 01:35:34]} {[%emt 00:00:05]}
Qd8 {[%clk 01:36:55]} {[%emt 00:00:06]} 16. Nxe7+ {[%clk 01:35:57]} {[%emt
00:00:07]} Qxe7 {[%clk 01:37:20]} {[%emt 00:00:04]} 17. Rhe1 {[%clk 01:36:17]}
{[%emt 00:00:09]} b5 {[%clk 01:34:01]} {[%emt 00:03:50]} 18. Bd3 {[%clk
01:36:36]} {[%emt 00:00:11]} Nc5 {[%clk 01:34:23]} {[%emt 00:00:08]} 19. Bb4
{[%clk 01:36:57]} {[%emt 00:00:09]} Qg5+ {[%clk 01:22:08]} {[%emt 00:12:46]}
20. Kb1 {[%clk 01:37:20]} {[%emt 00:00:06]} Nxd3 {[%clk 01:22:31]} {[%emt
00:00:07]} 21. Rxd3 {[%clk 01:37:46]} {[%emt 00:00:04]} Rfd8 {[%clk 01:16:11]}
{[%emt 00:06:50]} 22. Bd6 {[%clk 01:38:09]} {[%emt 00:00:07]} Rd7 {[%clk
01:05:34]} {[%emt 00:11:07]} 23. Rg3 {[%clk 01:38:13]} {[%emt 00:00:27]} Qh5
{[%clk 01:05:49]} {[%emt 00:00:15]} 24. Rh3 {[%clk 01:36:41]} {[%emt 00:02:02]}
Qf5 {[%clk 01:05:51]} {[%emt 00:00:28]} 25. g4 {[%clk 01:04:07]} {[%emt
00:33:03]} Qg6 {[%clk 00:58:19]} {[%emt 00:08:02]} 26. Rc3 {[%clk 01:02:06]}
{[%emt 00:02:30]} Bd5 {[%clk 00:52:27]} {[%emt 00:06:23]} 27. Qc5 {[%clk
00:55:12]} {[%emt 00:07:25]} Qxg4 {[%clk 00:39:03]} {[%emt 00:13:54]} 28. Rg1
{[%clk 00:43:10]} {[%emt 00:12:32]} Qh4 {[%clk 00:33:06]} {[%emt 00:06:26]} 29.
Rcg3 {[%clk 00:34:21]} {[%emt 00:09:19]} g6 {[%clk 00:13:26]} {[%emt 00:20:10]}
30. Qe3 {[%clk 00:31:52]} {[%emt 00:02:59]} Rc8 {[%clk 00:09:51]} {[%emt
00:04:05]} 31. Rh3 {[%clk 00:18:19]} {[%emt 00:14:04]} Qe4 {[%clk 00:04:55]}
{[%emt 00:05:25]} 32. Qh6 {[%clk 00:16:54]} {[%emt 00:01:56]} f6 {[%clk
00:05:21]} {[%emt 00:00:03]} 33. Rc3 {[%clk 00:16:43]} {[%emt 00:00:41]} Re8
{[%clk 00:04:25]} {[%emt 00:01:26]} 34. exf6 {[%clk 00:15:52]} {[%emt
00:01:21]} Rf7 {[%clk 00:03:54]} {[%emt 00:01:00]} 35. Be7 {[%clk 00:15:41]}
{[%emt 00:00:41]} Qf5 {[%clk 00:02:59]} {[%emt 00:01:26]} 36. h4 {[%clk
00:13:46]} {[%emt 00:02:25]} Be4 {[%clk 00:03:07]} {[%emt 00:00:22]} 37. h5
{[%clk 00:12:12]} {[%emt 00:02:04]} Qf2 {[%clk 00:03:25]} {[%emt 00:00:12]} 38.
Rcg3 {[%clk 00:05:07]} {[%emt 00:07:35]} 1-0

[Event "DVM U20 2020"]
[Site "Willingen GER"]
[Date "2021.06.25"]
[Round "3"]
[White "Flood, Yosime"]
[Black "Struck, Lasse"]
[Result "1-0"]
[Termination "normal"]
[Board "7.4"]
[WhiteElo "1697"]
[BlackElo "1751"]
[WhiteClock "00:12:20"]
[BlackClock "00:16:50"]
[WhiteTeam "SC Kreuzberg e.V."]
[BlackTeam "Schachfreunde Essen-Katernberg"]
[PlyCount "73"]
[WhiteFideId "16269535"]
[BlackFideId "16255623"]
[EventCountry "GER"]
[EventRounds "7"]
[EventType "team-swiss"]
[EventDate "2021.06.23"]

1. e4 {[%clk 01:30:55]} {[%emt 00:00:04]} c5 {[%clk 01:30:54]} {[%emt
00:00:06]} 2. Nf3 {[%clk 01:31:20]} {[%emt 00:00:05]} e6 {[%clk 01:31:18]}
{[%emt 00:00:06]} 3. Nc3 {[%clk 01:31:46]} {[%emt 00:00:05]} Nc6 {[%clk
01:31:05]} {[%emt 00:00:43]} 4. d4 {[%clk 01:31:34]} {[%emt 00:00:41]} cxd4
{[%clk 01:31:30]} {[%emt 00:00:05]} 5. Nxd4 {[%clk 01:31:59]} {[%emt 00:00:06]}
Nf6 {[%clk 01:31:43]} {[%emt 00:00:16]} 6. Ndb5 {[%clk 01:30:38]} {[%emt
00:01:51]} Bc5 {[%clk 01:31:43]} {[%emt 00:00:29]} 7. Nd6+ {[%clk 01:30:39]}
{[%emt 00:00:31]} Ke7 {[%clk 01:32:04]} {[%emt 00:00:09]} 8. Nxc8+ Rxc8 9. Bd3
{[%clk 01:21:10]} {[%emt 00:01:12]} Ne5 {[%clk 01:22:42]} {[%emt 00:09:43]} 10.
O-O {[%clk 01:16:26]} {[%emt 00:05:14]} Qc7 {[%clk 01:19:01]} {[%emt 00:04:12]}
11. h3 {[%clk 01:09:04]} {[%emt 00:07:51]} h6 {[%clk 01:11:46]} {[%emt
00:07:45]} 12. Kh1 {[%clk 00:58:46]} {[%emt 00:10:48]} a6 {[%clk 01:02:42]}
{[%emt 00:09:34]} 13. f4 {[%clk 00:53:05]} {[%emt 00:06:11]} Nxd3 {[%clk
01:02:41]} {[%emt 00:00:31]} 14. cxd3 {[%emt 00:01:17]} Bb4 {[%clk 00:47:39]}
{[%emt 00:14:35]} 15. Bd2 {[%clk 00:47:40]} {[%emt 00:06:05]} d6 {[%clk
00:43:50]} {[%emt 00:04:19]} 16. Rc1 {[%clk 00:34:23]} {[%emt 00:13:47]} Qb8
{[%clk 00:43:26]} {[%emt 00:00:54]} 17. Qb3 {[%clk 00:32:01]} {[%emt 00:02:52]}
Bxc3 {[%clk 00:42:10]} {[%emt 00:01:46]} 18. Bxc3 {[%clk 00:30:46]} {[%emt
00:01:45]} e5 {[%clk 00:38:06]} {[%emt 00:04:34]} 19. fxe5 {[%clk 00:26:35]}
{[%emt 00:04:41]} dxe5 {[%clk 00:38:23]} {[%emt 00:00:13]} 20. Bxe5 {[%clk
00:24:30]} {[%emt 00:02:35]} Rxc1 {[%clk 00:35:54]} {[%emt 00:02:59]} 21. Bxf6+
{[%clk 00:24:51]} {[%emt 00:00:09]} gxf6 {[%clk 00:36:19]} {[%emt 00:00:05]}
22. Rxc1 {[%clk 00:24:48]} {[%emt 00:00:34]} Kf8 {[%clk 00:32:57]} {[%emt
00:03:51]} 23. Qb6 {[%clk 00:23:10]} {[%emt 00:02:08]} Qf4 {[%clk 00:28:44]}
{[%emt 00:04:43]} 24. Qc7 {[%clk 00:17:45]} {[%emt 00:05:56]} Qe3 {[%clk
00:25:37]} {[%emt 00:03:36]} 25. Qc5+ {[%clk 00:17:59]} {[%emt 00:00:15]} Qxc5
{[%clk 00:25:59]} {[%emt 00:00:09]} 26. Rxc5 {[%clk 00:18:25]} {[%emt
00:00:04]} Kg7 {[%clk 00:25:43]} {[%emt 00:00:46]} 27. Kg1 {[%clk 00:18:37]}
{[%emt 00:00:18]} Rd8 {[%clk 00:25:41]} {[%emt 00:00:32]} 28. Rc3 {[%clk
00:18:57]} {[%emt 00:00:10]} Kg6 {[%clk 00:25:23]} {[%emt 00:00:48]} 29. g4
{[%clk 00:18:07]} {[%emt 00:01:20]} h5 {[%clk 00:25:09]} {[%emt 00:00:43]} 30.
Kf2 {[%clk 00:16:28]} {[%emt 00:02:10]} hxg4 {[%clk 00:24:45]} {[%emt
00:00:54]} 31. hxg4 {[%clk 00:16:46]} {[%emt 00:00:12]} Rh8 {[%clk 00:22:03]}
{[%emt 00:03:11]} 32. d4 {[%clk 00:12:09]} {[%emt 00:05:08]} Rh2+ {[%clk
00:20:01]} {[%emt 00:02:31]} 33. Ke3 {[%clk 00:12:33]} {[%emt 00:00:06]} Rxb2
{[%clk 00:20:14]} {[%emt 00:00:18]} 34. d5 {[%clk 00:12:58]} {[%emt 00:00:05]}
Kg7 {[%clk 00:18:39]} {[%emt 00:02:05]} 35. d6 {[%clk 00:13:17]} {[%emt
00:00:11]} f5 {[%clk 00:16:58]} {[%emt 00:02:11]} 36. gxf5 {[%clk 00:12:18]}
{[%emt 00:01:29]} Kf6 {[%clk 00:16:50]} {[%emt 00:00:39]} 37. e5+ {[%clk
00:12:20]} {[%emt 00:00:27]} 1-0

[Event "DVM U20 2020"]
[Site "Willingen GER"]
[Date "2021.06.25"]
[Round "3"]
[White "Gallas, Noel"]
[Black "Fock, Sana"]
[Result "1-0"]
[Termination "normal"]
[Board "7.5"]
[WhiteElo "1886"]
[BlackElo "1821"]
[WhiteClock "00:00:37"]
[BlackClock "00:00:31"]
[WhiteTeam "Schachfreunde Essen-Katernberg"]
[BlackTeam "SC Kreuzberg e.V."]
[PlyCount "68"]
[WhiteFideId "16216059"]
[BlackFideId "12981966"]
[EventCountry "GER"]
[EventRounds "7"]
[EventType "team-swiss"]
[EventDate "2021.06.23"]

1. e4 {[%clk 01:30:57]} {[%emt 00:00:02]} c5 {[%clk 01:30:55]} {[%emt
00:00:06]} 2. c3 {[%clk 01:31:13]} {[%emt 00:00:13]} d5 {[%clk 01:31:11]}
{[%emt 00:00:14]} 3. exd5 {[%clk 01:31:33]} {[%emt 00:00:11]} Qxd5 {[%clk
01:31:34]} {[%emt 00:00:06]} 4. d4 {[%clk 01:31:59]} {[%emt 00:00:04]} Nc6
{[%clk 01:31:31]} {[%emt 00:00:33]} 5. Nf3 {[%clk 01:32:15]} {[%emt 00:00:14]}
Nf6 {[%clk 01:31:15]} {[%emt 00:00:46]} 6. Be2 {[%clk 01:30:56]} {[%emt
00:01:48]} cxd4 {[%clk 01:30:53]} {[%emt 00:00:53]} 7. cxd4 {[%clk 01:31:04]}
{[%emt 00:00:22]} e6 {[%clk 01:30:39]} {[%emt 00:00:44]} 8. O-O {[%clk
01:30:52]} {[%emt 00:00:42]} Be7 {[%clk 01:29:48]} {[%emt 00:01:21]} 9. Nc3
{[%clk 01:29:27]} {[%emt 00:01:55]} Qd8 {[%clk 01:30:07]} {[%emt 00:00:11]} 10.
Be3 {[%clk 01:16:09]} {[%emt 00:13:48]} O-O {[%clk 01:26:07]} {[%emt 00:04:29]}
11. Rc1 {[%clk 01:05:51]} {[%emt 00:10:48]} b6 {[%clk 01:19:29]} {[%emt
00:07:10]} 12. Qd2 {[%clk 00:40:15]} {[%emt 00:26:05]} Bb7 {[%clk 01:09:30]}
{[%emt 00:10:28]} 13. Rfd1 {[%clk 00:38:32]} {[%emt 00:02:14]} Nb4 {[%clk
01:04:12]} {[%emt 00:05:48]} 14. Ne5 {[%clk 00:23:58]} {[%emt 00:15:04]} a6
{[%clk 00:51:40]} {[%emt 00:13:01]} 15. a3 {[%clk 00:17:22]} {[%emt 00:07:07]}
Nbd5 {[%clk 00:47:53]} {[%emt 00:04:17]} 16. Bf3 {[%clk 00:13:04]} {[%emt
00:04:48]} Rc8 {[%clk 00:44:48]} {[%emt 00:03:34]} 17. Nxd5 {[%clk 00:11:18]}
{[%emt 00:02:16]} Nxd5 {[%clk 00:43:46]} {[%emt 00:01:32]} 18. Rxc8 {[%clk
00:11:23]} {[%emt 00:00:26]} Qxc8 {[%clk 00:38:54]} {[%emt 00:05:21]} 19. Rc1
{[%clk 00:11:10]} {[%emt 00:00:44]} Qd8 {[%clk 00:29:17]} {[%emt 00:10:06]} 20.
Nc6 {[%emt 00:01:57]} Bxc6 {[%clk 00:17:52]} {[%emt 00:11:53]} 21. Rxc6 {[%clk
00:10:14]} {[%emt 00:00:02]} Nxe3 {[%clk 00:15:04]} {[%emt 00:03:19]} 22. fxe3
{[%clk 00:08:26]} {[%emt 00:02:18]} a5 {[%clk 00:12:58]} {[%emt 00:02:35]} 23.
Qc3 {[%clk 00:05:52]} {[%emt 00:03:03]} e5 {[%clk 00:09:04]} {[%emt 00:04:25]}
24. dxe5 {[%clk 00:04:34]} {[%emt 00:01:48]} Bg5 {[%clk 00:08:12]} {[%emt
00:01:22]} 25. Kf2 {[%clk 00:03:54]} {[%emt 00:01:10]} Re8 {[%clk 00:05:52]}
{[%emt 00:02:50]} 26. Qd4 {[%clk 00:02:56]} {[%emt 00:01:28]} b5 {[%clk
00:03:25]} {[%emt 00:02:57]} 27. Rd6 {[%clk 00:01:49]} {[%emt 00:01:36]} Qc8
{[%clk 00:02:10]} {[%emt 00:01:46]} 28. Rc6 {[%clk 00:01:07]} {[%emt 00:01:12]}
Qd8 {[%clk 00:02:13]} {[%emt 00:00:26]} 29. Ke2 {[%clk 00:01:05]} {[%emt
00:00:33]} Qb8 {[%clk 00:01:15]} {[%emt 00:01:28]} 30. Qd6 {[%clk 00:00:39]}
{[%emt 00:00:55]} b4 {[%clk 00:00:34]} {[%emt 00:01:11]} 31. Qxb8 {[%clk
00:00:38]} {[%emt 00:00:31]} Rxb8 {[%clk 00:00:59]} {[%emt 00:00:05]} 32. a4
{[%clk 00:00:41]} {[%emt 00:00:28]} g6 {[%clk 00:01:03]} {[%emt 00:00:26]} 33.
Bd5 {[%clk 00:00:38]} {[%emt 00:00:32]} Rd8 {[%clk 00:00:37]} {[%emt 00:00:57]}
34. Rc5 {[%clk 00:00:37]} {[%emt 00:00:31]} Ra8 {[%clk 00:00:31]} 1-0

[Event "DVM U20 2020"]
[Site "Willingen GER"]
[Date "2021.06.25"]
[Round "3"]
[White "Boldt, Timo"]
[Black "Jahrke, Jonas"]
[Result "1-0"]
[Termination "normal"]
[Board "7.6"]
[WhiteElo "1648"]
[BlackElo "1837"]
[WhiteClock "00:25:42"]
[BlackClock "00:01:52"]
[WhiteTeam "SC Kreuzberg e.V."]
[BlackTeam "Schachfreunde Essen-Katernberg"]
[PlyCount "65"]
[WhiteFideId "12974854"]
[BlackFideId "12984353"]
[EventCountry "GER"]
[EventRounds "7"]
[EventType "team-swiss"]
[EventDate "2021.06.23"]

1. c4 {[%clk 01:30:58]} Nf6 {[%clk 01:30:49]} {[%emt 00:00:13]} 2. Nc3 {[%clk
01:31:02]} {[%emt 00:00:25]} g6 {[%clk 01:30:46]} {[%emt 00:00:34]} 3. e4
{[%emt 00:00:38]} c5 {[%emt 00:01:30]} 4. g3 {[%clk 01:29:11]} {[%emt
00:00:12]} Nc6 {[%clk 01:29:56]} {[%emt 00:01:20]} 5. Bg2 {[%clk 01:28:26]}
{[%emt 00:01:15]} Bg7 {[%clk 01:29:50]} {[%emt 00:00:37]} 6. Nge2 {[%clk
01:28:48]} {[%emt 00:00:07]} O-O {[%clk 01:27:36]} {[%emt 00:02:44]} 7. O-O
{[%clk 01:26:27]} {[%emt 00:00:22]} Ne8 {[%clk 01:24:32]} {[%emt 00:06:03]} 8.
d3 {[%clk 01:25:04]} {[%emt 00:01:54]} Nc7 {[%clk 01:24:21]} {[%emt 00:00:40]}
9. f4 {[%clk 01:24:11]} {[%emt 00:01:23]} Ne6 {[%clk 01:23:04]} {[%emt
00:01:47]} 10. Rb1 {[%clk 01:21:24]} {[%emt 00:03:17]} Ned4 {[%clk 01:18:05]}
{[%emt 00:05:29]} 11. Nxd4 {[%emt 00:00:07]} Nxd4 {[%emt 00:00:21]} 12. Ne2
{[%clk 01:21:12]} {[%emt 00:00:14]} Rb8 {[%clk 00:55:55]} {[%emt 00:22:39]} 13.
Be3 {[%clk 01:17:48]} {[%emt 00:03:55]} d6 {[%clk 00:51:13]} {[%emt 00:05:14]}
14. Nxd4 {[%clk 01:15:54]} {[%emt 00:02:23]} Bxd4 {[%clk 00:51:17]} {[%emt
00:00:26]} 15. Bxd4 {[%clk 01:16:02]} {[%emt 00:00:22]} cxd4 {[%clk 00:51:39]}
{[%emt 00:00:08]} 16. f5 {[%clk 01:15:47]} {[%emt 00:00:45]} Bd7 {[%clk
00:46:10]} {[%emt 00:05:58]} 17. Rf4 {[%clk 01:06:43]} {[%emt 00:09:34]} Qa5
{[%clk 00:36:28]} {[%emt 00:10:12]} 18. Rh4 {[%clk 01:01:03]} {[%emt 00:06:11]}
Qe5 {[%clk 00:33:21]} {[%emt 00:03:36]} 19. g4 {[%clk 00:45:59]} {[%emt
00:15:34]} b5 {[%clk 00:26:35]} {[%emt 00:07:17]} 20. Qf3 {[%clk 00:42:59]}
{[%emt 00:03:27]} bxc4 {[%clk 00:16:57]} {[%emt 00:10:11]} 21. dxc4 {[%clk
00:43:16]} {[%emt 00:00:13]} g5 {[%clk 00:11:41]} {[%emt 00:05:45]} 22. Rh3
{[%clk 00:39:55]} {[%emt 00:03:51]} f6 {[%clk 00:09:51]} {[%emt 00:02:21]} 23.
Qd3 {[%clk 00:39:23]} {[%emt 00:01:02]} Rfc8 {[%clk 00:09:17]} {[%emt
00:01:03]} 24. b3 {[%clk 00:38:25]} {[%emt 00:01:28]} a5 {[%clk 00:09:05]}
{[%emt 00:00:42]} 25. Rd1 {[%clk 00:38:11]} {[%emt 00:00:45]} a4 {[%clk
00:06:57]} {[%emt 00:02:38]} 26. Qxd4 {[%clk 00:38:26]} {[%emt 00:00:14]} Qxd4+
{[%emt 00:00:32]} 27. Rxd4 {[%clk 00:38:52]} {[%emt 00:00:01]} Rc7 {[%clk
00:06:22]} {[%emt 00:01:07]} 28. Rd1 {[%clk 00:36:10]} {[%emt 00:03:12]} Rcb7
{[%clk 00:06:17]} {[%emt 00:00:35]} 29. e5 {[%clk 00:35:00]} {[%emt 00:01:40]}
Rb6 {[%clk 00:06:18]} {[%emt 00:00:29]} 30. c5 {[%clk 00:33:57]} {[%emt
00:01:33]} Rb4 {[%clk 00:05:21]} {[%emt 00:01:26]} 31. cxd6 {[%clk 00:25:53]}
{[%emt 00:08:35]} Rxg4 {[%clk 00:02:27]} {[%emt 00:03:23]} 32. dxe7 {[%clk
00:25:17]} {[%emt 00:01:04]} Rb7 {[%clk 00:01:52]} {[%emt 00:01:08]} 33. Rxd7
{[%clk 00:25:42]} {[%emt 00:00:05]} 0-1